How'd They Get Here? Florida Panthers Edition - Statistics

General Stats
  • This quiz has been taken 6 times
  • The average score is 20 of 23
Answer Stats
Question Answer % Correct
Aleksander Barkov Drafted
100%
Anton Lundell Drafted
100%
Aaron Ekblad Drafted
100%
Evan Rodrigues Free Agency Signing
100%
A.J. Greer Free Agency Signing
100%
Tomas Nosek Free Agency Signing
100%
Uvis Balinskis Free Agency Signing
100%
Jeff Petry Free Agency Signing
100%
Matthew Tkachuk Traded
100%
Sam Bennett Traded
100%
Brad Marchand Traded
100%
Seth Jones Traded
100%
Mackie Samoskevich Drafted
83%
Jonah Gadjovich Free Agency Signing
83%
Sam Reinhart Traded
83%
Gustav Forsling Waiver Claim
83%
Carter Verhaeghe Free Agency Signing
67%
Jesper Boqvist Free Agency Signing
67%
Niko Mikkola Free Agency Signing
67%
Dmitry Kulikov Free Agency Signing
67%
Sergei Bobrovsky Free Agency Signing
67%
Eetu Luostarinen Traded
67%
Daniil Tarasov Traded
50%
No matching quizzes found
Score Distribution
Percent of People with Each Score
Percentile by Number Answered
Your Score History
You have not taken this quiz